| 000 | 00603nam a2200205Ia 4500 | ||
|---|---|---|---|
| 008 | 180207s9999 xx 000 0 und d | ||
| 020 | _a9780153300035 | ||
| 050 | _bC967 1989 | ||
| 100 | _aCullinan, Bernice E. | ||
| 245 | _aMortimer frog / | ||
| 245 | _cby Bernice E. Cullinan, Roger C. Farr, W. Dorsey Hammond, Nancy L. Roser, Dorothy S. Stickland. | ||
| 260 | _aOrlando : | ||
| 260 | _bHarcourt Brace Jovanovich, Publishers, | ||
| 260 | _c1989 | ||
| 300 | _a72 pages : | ||
| 300 | _bchiefly colored ; | ||
| 300 | _c23cm. | ||
| 440 | _aHBJ reading program. | ||
| 650 | _aLaureate edition. | ||
| 999 |
_c355647 _d355647 |
||